000 00296nam a22001337a 4500
082 _a894.812
_bKUR/C
100 _aKURUPP, K.K.N
245 _aCHARITHRATHINTE PATHAYIL
260 _aCALICUT
_bREED BOOKS
_c1999
300 _a120
520 _aAUTOBIOGRAPHY
650 _aAUTOBIOGRAPHY
942 _cBK
999 _c5569
_d5569